| 000 | 01704nam a22004577a 4500 | ||
|---|---|---|---|
| 001 | 000096825 | ||
| 003 | CHAP | ||
| 005 | 20220329143215.0 | ||
| 008 | 070208d2006 mx r 00110 spa d | ||
| 010 | _a93291 | ||
| 011 | _a94263 | ||
| 035 | _a104849 | ||
| 040 | _cCHAP | ||
| 090 | _aTesis | ||
| 100 | 0 | 0 |
_aRivera González Miguel. _997652 |
| 245 | 1 | 0 |
_aEncalado y micorrizas en la corrección de deficiencias de fósforo en un andisol cultivado con Pinus Halepensis Mill / _c/por Miguel Rivera González. |
| 260 |
_aChapingo, Méx. : _bEl autor, _c2006. |
||
| 300 |
_a45 h. : _bilus.; gráfs.; cuadros. |
||
| 502 | _aTesis (M.C. en Agroforestería para el Desarrollo Sostenible) - - UACH. Departamento de Suelos | ||
| 590 |
_aALEPH _b10 _c20130110 _lUCH01 _h1516 |
||
| 590 |
_aBATCH-UPD _b10 _c20130110 _lUCH01 _h0619 |
||
| 590 |
_aBATCH-UPD _b10 _c20130110 _lUCH01 _h2312 |
||
| 590 |
_aBATCH-UPD _b10 _c20130410 _lUCH01 _h0301 |
||
| 590 |
_aBATCH-UPD _b10 _c20130914 _lUCH01 _h1130 |
||
| 590 |
_aBATCH-UPD _b10 _c20140324 _lUCH01 _h1501 |
||
| 590 |
_aBATCH-UPD _b10 _c20141002 _lUCH01 _h0833 |
||
| 590 |
_aCONVERSION _b10 _c20130109 _lUCH01 _h1352 |
||
| 590 |
_aE11695DGD _b10 _c20130529 _lUCH01 _h1330 |
||
| 650 | 1 | 4 |
_aAndosoles. _95631 |
| 650 | 1 | 4 |
_aCultivos en invernadero. _930376 |
| 650 | 1 | 4 |
_aFósforo _xEfecto en plantas. _942250 |
| 650 | 1 | 4 |
_aMicorriza. _975486 |
| 650 | 1 | 4 |
_aPinus halepensis. _988339 |
| 856 |
_3Finding aid _uhttp://10.13.5.2/tesis/104849.pdf _zTeclea aquí |
||
| 901 | _aBK | ||
| 905 | _aElisama A. H. | ||
| 942 | _cCD | ||
| 942 | _n0 | ||
| 949 |
_aTesis _bBC _cTES _d33724002006413 _eTS1 _h46387 _i104849 _sb |
||
| 949 |
_aTesis _bBC _cTES _d33724002006454 _eTS2 _fc.2 _h46388 _i104849 _si |
||
| 999 |
_c93291 _d93291 |
||